00277nam a22000977a 4500082001200000245003800012260004300050300002800093500004400121650001400165 a540 CHE aChemistry in National Development bchemistry in national evelopmentc1965 bHard binded cover added aProgramme of 25th Anniversary Symposium aChemistry